000 00347nam a22001217a 4500
008 230621b xxu||||| |||| 00| 0 eng d
082 _a328.3
_bCPA
100 _cCPA
245 _aReport of the Executive Committee 1986-87 and
_bReport of Proceedings of the General Assembly
260 _aKuala Lumpur
_bCPA
_c1987
300 _a98p
942 _2ddc
_cBK
999 _c1962
_d1962